Game of Thrones - Dragons par images - Statistiques

Statistiques générales
  • Ce quiz a été pris 50 fois
  • Le résultat moyen est 10 sur 16
Statistiques - réponses
Par images Réponse % Correct
Drogon
95%
Vhagar
93%
Caraxès
90%
Vermithor
90%
Syrax
85%
Viserion
80%
Rhaegal
75%
Vermax
75%
Arrax
73%
Meleys
68%
Aile d’Argent
45%
Fumée des Mers
43%
Tessarion
43%
Songefeu
30%
Feux-Du-Soleyl
23%
Danselune
20%
Aucun quiz correspondant
Distribution des résultats
% des personnes avec chaque résultat
Percentile par nombre de réponses
Votre historique - résultats
Vous n’avez pas pris ce quiz